De la relación universidad-sociedad a la universidad como un tiempo y un ritmo de vida dela sociedad /

Gespeichert in:
Bibliographische Detailangaben
1. Verfasser: Rincón Cubides, Gloria
Format: Text
Tags: Tag hinzufügen
Keine Tags, Fügen Sie den ersten Tag hinzu!

MARC

LEADER 00000 a a2200000 04500
001 10136
003
040
100 |a Rincón Cubides, Gloria  
245 |a De la relación universidad-sociedad a la universidad como un tiempo y un ritmo de vida dela sociedad /  |c Gloria Rincón Cubides 
773 |g número 19; páginas 249-254  
999 |c 37454  |d 37454